00852cam a22002771 4500001001300000003000400013005001700017008004100034010001700075035002000092040002500112041001100137042001200148050001500160110008000175245004600255260001100301300002200312500005400334500002200388500003000410650003600440650004200476740003900518999001700557sa 65008586 DLC20260227112155.0890724s1962 pk d 000 0 urdr  asa 65008586  a(OCoLC)20061389 aDLCcWaUdOCoLCdDLC0 aurdeng apremarc00aB48.U7bK32 aUniversity of Karachi.bBureau of Composition, Compilation and Translation.10aFarhang-i iṣt̤ilāḥāt-i falsafah. c[1962] a5, 110 p.c23 cm. aCover title: A dictionary of philosophical terms. aEnglish and Urdu. aText partially vocalized. 0aPhilosophyxDictionariesxUrdu. 0aEnglish languagexDictionariesxUrdu.0 aDictionary of philosophical terms. c65711d65711